Vascos en 1808-1813 (Record no. 179617)

MARC details
000 -LEADER
campo de control de longitud fija 01154nam a2200289 i 4500
001 - NÚMERO DE CONTROL
campo de control 179617
003 - IDENTIFICADOR DE NÚMERO DE CONTROL
campo de control ES-MaACL
005 - FECHA Y HORA DE LA ÚLTIMA TRANSACCIÓN
campo de control 20240229062733.0
008 - DATOS DE LONGITUD FIJA--INFORMACIÓN GENERAL
campo de control de longitud fija 111226s2010 sp ab |||| | spa d
020 ## - NÚMERO INTERNACIONAL ESTÁNDAR DEL LIBRO
Número Internacional Estándar del Libro 978-84-9940-077-8
080 ## - NÚMERO DE LA CLASIFICACIÓN DECIMAL UNIVERSAL
Número de la Clasificación Decimal Universal 94(460.15)"18"
080 ## - NÚMERO DE LA CLASIFICACIÓN DECIMAL UNIVERSAL
Número de la Clasificación Decimal Universal 94(460)"1808/14"
245 00 - MENCIÓN DEL TÍTULO
Título Vascos en 1808-1813
Resto del título : años de guerra y Constitución /
Mención de responsabilidad, etc. José Pardo de Santayana y Gómez de Olea... [et al.] ; introducción de Estíbaliz Ruiz de Azúa ; bibliografía de Mª Victoria de la Quadra-Salcedo.
260 ## - PUBLICACIÓN, DISTRIBUCIÓN, ETC.
Lugar de publicación, distribución, etc. Madrid :
Nombre del editor, distribuidor, etc. Biblioteca Nueva,
Fecha de publicación, distribución, etc. [2010]
300 ## - DESCRIPCIÓN FÍSICA
Extensión 266 p. :
Otras características físicas il., mapa ;
Dimensiones 21 cm.
490 1# - MENCIÓN DE SERIE
Mención de serie Historia Biblioteca Nueva
504 ## - NOTA DE BIBLIOGRAFÍA, ETC.
Nota de bibliografía, etc. Bibliografía: p. [241]-266.
651 #7 - PUNTO DE ACCESO ADICIONAL DE MATERIA--NOMBRE GEOGRÁFICO
Nombre geográfico País Vasco-
Subdivisión general Historia-
Subdivisión cronológica S.XIX.
9 (RLIN) 142384
651 #4 - PUNTO DE ACCESO ADICIONAL DE MATERIA--NOMBRE GEOGRÁFICO
Nombre geográfico España-
Subdivisión general Historia-
Subdivisión cronológica 1808-1814, Guerra de la Independencia
9 (RLIN) 8244
700 1# - ENTRADA AGREGADA--NOMBRE PERSONAL
Nombre de persona Pardo de Santayana, José.
9 (RLIN) 148842
700 1# - ENTRADA AGREGADA--NOMBRE PERSONAL
Nombre de persona Ruiz de Azúa, Estíbaliz.
9 (RLIN) 100729
700 1# - ENTRADA AGREGADA--NOMBRE PERSONAL
Nombre de persona Yrizar, Iñigo de.
9 (RLIN) 117712
830 0# - PUNTO DE ACCESO ADICIONAL DE SERIE-TÍTULO UNIFORME
Título uniforme Historia Biblioteca Nueva
9 (RLIN) 180322
852 1# - LOCALIZACIÓN
Ubicación BA
Número de control de estantería A-11763
itemnumber 186514
Sublocalización o colección R.146529
Ubicación en estantería Depósito 1
Signatura antigua Olim: N-4768
942 ## - ELEMENTOS DE ENTRADA SECUNDARIOS (KOHA)
Fuente del sistema de clasificación o colocación Clasificación decimal universal
Tipo de ítem Koha Libro impreso
Holdings
Estatus retirado Estado de pérdida Fuente del sistema de clasificación o colocación Estado de daño No para préstamo Biblioteca de origen Biblioteca actual Ubicación en estantería Fecha de adquisición Fuente de adquisición Total de préstamos Signatura topográfica completa Código de barras Visto por última vez Precio de reemplazo Tipo de ítem Koha
    Clasificación decimal universal     Biblioteca del Ateneo de Madrid Biblioteca del Ateneo de Madrid Depósito 1 26/12/2011 Donación   A-11763 1188691 23/02/2023 23/02/2023 Libro impreso